000 00643cam a2200241 4500
001 1324029
003 OSt
005 20250901165809.0
008 710514r1971 nyub 000 1 eng
010 _a 78136324
020 _a0394442407
040 _aDLC
_cDLC
_dDLC
050 0 0 _aPZ 3 .I576 Le3 1971
_bLe3
_aPR6017.N79
082 0 0 _a823/.9/12
100 1 _aInnes, Hammond,
_d1913-1998.
245 1 0 _aLevkas man.
250 _a[1st American ed.]
260 _aNew York,
_bKnopf,
_c1971.
300 _a322 p.
_bmaps (on lining papers)
_c22 cm.
350 _a$6.95
906 _a7
_bcbc
_corignew
_d2
_encip
_f19
_gy-gencatlg
942 _2lcc
_cBK
999 _c9348
_d9348